| 000 | 00762nam a22002057a 4500 | ||
|---|---|---|---|
| 008 | 180105b xxu||||| |||| 00| 0 eng d | ||
| 020 | _a0205117236 | ||
| 082 |
_21989 _aDC 304.2 _bK96 |
||
| 100 |
_925512 _aKupchella, Charles E.,author. |
||
| 245 |
_aEnvironmental science : _bliving within the system of nature / _cCharles E. Kupchella, Margaret C. Hyland. |
||
| 250 | _aSecond edition. | ||
| 260 |
_aBoston : _bAllyn and Bacon, _c©1989. |
||
| 300 |
_axxi, 637, 28 pages : _b illustrations (some colored) ; _c27 cm. |
||
| 500 | _aIncludes bibliographies and index. | ||
| 650 | 0 |
_925513 _aEcology |
|
| 650 | 0 |
_925514 _aPollution _xEnvironmental aspects |
|
| 650 | 0 |
_925515 _aHuman ecology |
|
| 700 |
_925516 _aHyland, Margaret C., author. |
||
| 942 |
_2ddc _cDC |
||
| 999 |
_c8246 _d8246 |
||